01660nam a2200205Ia 4500001001300000003001000013005001700023008004100040040002500081041000700106100008800113245015200201260003100353300001200384500012300396520058600519650001301105654000901118700032701127b7108-52988 IT-MiCISF20250129112209.0161014s9999||||xx |||||||||||||| ||und|| aIT-MiCISFcIT-MiCISF ait aComitato Scientifico e organizzatore delle Settimane sociali dei cattolici italiani 0aLa famiglia, speranza e futuro per la società italiana.bAtti della 47a settimana sociale dei cattolici italiani, # Torino, 12-15 settembre 2013 aBologna,bDehoniane,c2015 app. 485 a / famiglia, società, chiesa, diritti-famiglia, politica-familiare, educazione, scuola, lavoro, famiglia-migranti /  aIl volume raccoglie gli Atti della XXXXVII Settimana Sociale dei Cattolici Italiani, svoltasi a Torino dal 12 al 15 settembre 2013. Il percorso inizia da una riflessione sull'identità antropologica della famiglia e delle sue criticità odierne, passando per le nuove sfide culturali e sociali che la politica deve affrontare. Si segnalano inoltre alcuni ambiti concreti di azione, prioritari ed urgenti, e si conclude con una riflessione sul compito affidato alla comunità cristiana affinché la famiglia sappia e possa essere sempre di più speranza e futuro per il Paese.  afamiglia aatti aMiglio A., Bagnasco A., Violini L., Blangiardo G.C., Zamagni S., Smerilli A., aSimeone D., Alfieri A.M., Pelligra V., Campiglio L., Antonini L., Zanfrini L-.aFusco Girard L., Morandini S., Carrà E., Miano F:, Colombo M.G., Rasello S.aBolzonaro R., Antonioli F., Ambrosini M., Stroppiana P., Malavasi P., Diotallevi L.